Identificación de los factores que determinan la inversión privada en el gran Valparaíso: estudio Corfo 1996
Сохранить в:
| Главные авторы: | , |
|---|---|
| Формат: | |
| Язык: | испанский |
| Опубликовано: |
Santiago, Chile
Universidad Adolfo Ibáñez
1996
|
| Предметы: | |
| Метки: |
Добавить метку
Нет меток, Требуется 1-ая метка записи!
|
MARC
| LEADER | 00000nam a2200000 a 4500 | ||
|---|---|---|---|
| 001 | UCO3987 | ||
| 003 | CL-VaPUC | ||
| 005 | 20230110074241.0 | ||
| 008 | 000728e19960000cl |||||||||||||||||spa|d | ||
| 651 | 0 | |a Valparaíso, Chile |z Chile |9 261144 | |
| 999 | |c 290077 |d 290075 | ||
| 040 | |c Pontificia Universidad Católica de Valparaíso | ||
| 082 | 0 | 4 | |a 330.983255 BAE 1996 |2 21 |
| 100 | 0 | |a Báez Kluczynski, Rodrigo |e author |9 448049 | |
| 245 | 1 | 0 | |a Identificación de los factores que determinan la inversión privada en el gran Valparaíso: estudio Corfo 1996 |
| 260 | |a Santiago, Chile |b Universidad Adolfo Ibáñez |c 1996 | ||
| 300 | |a 137 páginas | ||
| 583 | |a last modification |c 20171220 01:20:53 |k Rodrigo Vera | ||
| 600 | 0 | 7 | |a CORFO |2 CL-VaPUC |9 317699 |
| 650 | 0 | |a Historia económica |9 307218 | |
| 650 | 0 | |a Inversiones Privadas |2 CL-VaPUC |9 379661 | |
| 700 | 0 | |a Suárez Laureda, Fernando |e author |9 448050 | |
| 852 | |a BIBCUR | ||
| 942 | |c BK |2 ddc | ||
| 945 | |d 20000728 00:00:00 |a crobeson | ||
| 952 | |0 0 |1 0 |2 ddc |4 0 |6 330_983255000000000_BAE_1996 |7 0 |8 X |9 339278 |a BIBHIS |b BIBHIS |d 2019-11-20 |i 1202693 |o 330.983255 BAE 1996 |p 1202693 |r 2023-01-25 |t 1 |w 2019-11-20 |y BK_X |k HIS | ||